000 00298nam a22001337a 4500
008 180924b xxu||||| |||| 00| 0 eng d
020 _a9780443065736
041 _aeng
080 _24th
_a617
100 _a6
101 _aANA
245 _aBasics of Anesthesia
_cStoelting,R.K
942 _2udc
_cBK
999 _c48311
_d48311